01110nam a2200265 a 4500001001000000003000900010005001700019008004100036020001500077040002500092082002200117100003600139240007200175245013100247260008200378300002500460500006400485534008100549651003900630651003700669651004800706651003200754651002300786700003500809000022717DO-SdBNP20251027104226.0101116s1998 ck 000 0 spa d a9589620191 aDO-SdBNPbspacBNPHU 4a918.86bP855c2221 aPosada Carbó, Eduardo.d1956-10aThe colombian caribbean: a regional history (1870-1950).lEspañol13aEl caribe colombiano :buna historia regional (1870-1950) /cEduardo Posada Carbó ; traducción de Cecilia Inés Restrepo. aBogotá, Colombia :bBanco de la República ;bEl Áncora Editores,c1998. a312, 12 p. ;c20 cm. aIncluye datos biográficos del autor en la contracubierta. aTítulo original :tThe colombian caribbean: a regional history (1870-1950) 4aColombiaxCondiciones económicas 4aColombiaxDescripciones y viajes 4aCaribe (Región)xCondiciones económicas 4aCaribe (Región)xHistoria 4aColombiaxHistoria1 aRestrepo, Cecilia Inés,etr.